| 000 | 01557 a2200229 4500 | ||
|---|---|---|---|
| 001 | 40486 | ||
| 005 | 20260407155700.0 | ||
| 008 | 260407a2014 arg spa d | ||
| 003 | AR-UNSa-BCEJYS | ||
| 040 |
_aAR-UNSa-BCEJYS _bspa _cAR-UNSa-BCEJYS |
||
| 080 |
_a657.375 _xClases de balances (anuales, de prueba, social etc.) |
||
| 245 | 1 | 0 |
_aEl balance social en las normas contables argentinas _panálisis y aplicación de la Resolución Técnica Nº 36 y la interpretación Nº 6 de la FACPCE |
| 020 | _a978-987-716-022-2 | ||
| 264 | 1 |
_aBuenos Aires : _bOsmar D. Buyatti _c2014 |
|
| 300 |
_a184 p. _c22 cm. |
||
| 505 | _a1. La posibilidad dereflejar en los informes contables el cumplimiento por parte de los entes de su responsabilidad social - 2. La información referida a la responsabilidad social de los entes económicos en el contexto de las normas contables profesionales argentinas - 3. El balance social en las normas contables argentinas - 4. La memoria de sustentabilidad - 5. La interpretación Nº 6 - Auditoría o revisión del balance social - 6. El estado del valor económico generado y distribuido (EVEGYD) - 7. El EVEGYD en las cooperativas y en los entes sin fines de lucro - 8. El EVEGYD en entes dedicados a la actividad agropecuaria - 9. El EVEGYD en moneda homogénea - 10. El estado de la productividad | ||
| 041 | _aspa | ||
| 942 | _cBK | ||
| 590 | _aniveau_biblio:m niveau_hierar:0 | ||
| 100 | 1 | _aTorres, Carlos Federico | |
| 856 | 4 | 1 |
_uhttps://biblioeco.unsa.edu.ar/pmb/images/libros/L126012.jpg _yImagen de portada _qimage/jpeg |
| 999 |
_c3237 _d3237 |
||